header

The Bible says so! (Record no. 101207)

MARC details
000 -LEADER
fixed length control field 01349nam a2200361 a 4500
100 1# - MAIN ENTRY--AUTHOR NAME
Personal name Freed, Edwin D.
245 14 - TITLE STATEMENT
Title The Bible says so!
260 ## - PUBLICATION, DISTRIBUTION, ETC. (IMPRINT)
Place of publication London ;
-- Oakville, CT :
Name of publisher Equinox Pub. Ltd.,
Year of publication 2009.
300 ## - PHYSICAL DESCRIPTION
Number of Pages xix, 267 p.
490 1# - SERIES STATEMENT
Series statement BibleWorld
700 1# - ADDED ENTRY--PERSONAL NAME
Personal name Roberts, Jane F.
856 40 - ELECTRONIC LOCATION AND ACCESS
Uniform Resource Identifier http://site.ebrary.com/lib/rucke/Doc?id=10386882

No items available.

© 2026 Rongo University
Contact us: librarian | system librarian | Rongo university